La constitución de 1991 : (Registro nro. 57846)

Detalles MARC
000 -CABECERA
Longitud fija campo de control 02875nam a2200457Ii 4500
003 - • IDENTIFICADOR DELl NÚMERO DE CONTROL
Identificador del número de control CO-BoRNBP
005 - • FECHA Y HORA DE LA ÚLTIMA TRANSACCIÓN
Fecha y hora de la última transacción 20250731170624.0
007 - • CAMPO FIJO DE DESCRIPCIÓN FÍSICA
Campo fijo de descripción física cr |||||||||||
008 - • CÓDIGOS DE INFORMACIÓN DE LONGITUD FIJA
Códigos de información de longitud fija 230406s2022 ck ad ob 000 0 spa d
020 ## - • NÚMERO INTERNACIONAL NORMALIZADO PARA LIBROS
Número Internacional Normalizado para Libros (ISBN) 9587983319
040 ## - FUENTE DE LA CATALOGACIÓN
Centro catalogador de origen DGITA
Lengua de catalogación eng
Normas de descripción rda
-- pn
Centro transcriptor DGITA
043 ## - CÓDIGO DE ÁREA GEOGRÁFICA
Código de área geográfica s-ck---
080 ## - NÚMERO DE LA CLASIFICACIÓN DECIMAL UNIVERSAL
Número de la Clasificación Decimal Universal 342.4(862)
082 04 - • NÚMERO DE LA CLASIFICACIÓN DECIMAL DEWEY
Número de clasificación (R) 342.861
Número de edición 23
100 1# - • PUNTO DE ACCESO PRINCIPAL-NOMBRE DE PERSONA
Nombre de persona Cepeda Espinosa, Manuel José,
Término indicativo de función author.
245 13 - • TITULO PROPIAMENTE DICHO
Título La constitución de 1991 :
Resto del título viviente y transformadora /
Mención de responsabilidad, etc. Manuel José Cepeda Espinosa.
250 ## - • MENCIÓN DE EDICIÓN
Mención de edición 1st ed.
264 #1 - PRODUCCIÓN, PUBLICACIÓN , DISTRIBUCIÓN, FABRICACIÓN Y COPYRIGHT
Lugar de producción, publicación, distribución, fabricación Bogotá D.C., Colombia :
Nombre del productor, editor, distribuidor, fabricante Ediciones Uniandes,
Fecha de de producción, publicación, distribución, fabricación o copyright [2022]
300 ## - • DESCRIPCIÓN FÍSICA
Extensión 1 online resource :
Otras características físicas illustrations, charts.
336 ## - TIPO DE CONTENIDO
Término de tipo de contenido text
Código de tipo de contenido txt
Fuente rdacontent
337 ## - TIPO DE MEDIO
Nombre del tipo de medio computer
Código del tipo de medio c
Fuente rdamedia
338 ## - TIPO DE SOPORTE
Nombre del tipo de soporte online resource
Código del tipo de soporte cr
Fuente rdacarrier
347 ## - CARACTERÍSTICAS DEL ARCHIVO DIGITAL
Tipo de archivo text file
Fuente rdaft
347 ## - CARACTERÍSTICAS DEL ARCHIVO DIGITAL
Formato de codificación EPUB
490 1# - • MENCIÓN DE SERIE
Mención de serie Colección Estudios académicos
500 ## - • NOTA GENERAL
Nota general "Universidad de los Andes Colombia, Facultad de Derecho."
504 ## - • NOTA DE BIBLIOGRAFÍA, ETC
Nota de bibliografía, etc. Includes bibliographical references.
520 ## - • NOTA DE RESUMEN
Resumen, etc, La Constitución de 1991: viviente y transformadora es una invitación a la reflexión sobre el impacto de la Constitución de Colombia, que cumplió treinta años de vigencia, la segunda que dura más de tres décadas. Presenta un balance global de su vida, de su funcionamiento y de su impacto transformador en múltiples ámbitos de la vida nacional. La tesis fundamental que expone la Constitución de 1991, lejos de quedarse escrita, ha tenido una incidencia profunda que ha llevado a que Colombia sea hoy un país diferente al que existía antes de los años noventa del siglo XX. Algunos cambios que ha producido son evidentes, mientras otros no han sido tan visibles, pero son también muy significativos. En cada capítulo del libro se pone énfasis en estas transformaciones que se inscriben en lo que políticamente se denominó "el revolcón", pero que académicamente se conoce como "constitucionalismo transformador". El libro está dirigido a todos los ciudadanos, no solo a abogados, por lo cual se ha evitado, en lo posible, el uso de lenguaje técnico. No contiene notas a pie de página porque no pretende ser un libro de investigación, pero provee una amplia referencia a sentencias para el lector interesado en profundizar en el tema.
650 #0 - • PUNTO DE ACCESO ADICIONAL DE MATERIA - TÉRMINO DE MATERIA
Término de materia o nombre geográfico como elemento inicial Constitutional history
Subdivisión geográfica Colombia.
Fuente del encabezamiento o término LEMB
650 #0 - • PUNTO DE ACCESO ADICIONAL DE MATERIA - TÉRMINO DE MATERIA
Término de materia o nombre geográfico como elemento inicial Constitutional law
Subdivisión geográfica Colombia.
Fuente del encabezamiento o término LEMB
650 #0 - • PUNTO DE ACCESO ADICIONAL DE MATERIA - TÉRMINO DE MATERIA
Término de materia o nombre geográfico como elemento inicial Civil rights
Subdivisión geográfica Colombia.
Fuente del encabezamiento o término LEMB
651 #4 - • PUNTO DE ACCESO ADICIONAL DE MATERIA - NOMBRE GEOGRÁFICO
Nombre geográfico Colombia
Subdivisión de materia general Constitución, 1991.
655 #4 - • TÉRMINO DE INDIZACIÓN - GÉNERO/FORMA
Datos o término principal de género/forma Libros electrónicos.
9 (RLIN) 61796
700 1# - • PUNTO DE ACCESO ADICIONAL - NOMBRE DE PERSONA
Nombre de persona Bogdandy, Armin von,
Término indicativo de función prefacio.
700 1# - • PUNTO DE ACCESO ADICIONAL - NOMBRE DE PERSONA
Nombre de persona Gaviria Trujillo, César,
Término indicativo de función prólogo.
776 08 - ENLACE A UN FORMATO FÍSICO ADICIONAL
Número Internacional Normalizado para Libros (ISBN) 958-798-330-0
830 #0 - • PUNTO DE ACCESO ADICIONAL DE SERIE - TÍTULO UNIFORME
Título uniforme Estudios académicos (Universidad de los Andes (Bogotá, Colombia). Facultad de Derecho)
906 ## - ELEMENTO F DATOS LOCALES, FDL (RLIN)
a BOOK
942 ## - ENTRADA DE ELEMENTOS AGREGADOS (KOHA)
Fuente de clasificaión o esquema Dewey Decimal Classification
Koha [por defecto] tipo de item LIbro

No hay ítems disponibles.










Instituto Departamental de Cultura del Meta - Red Departamental de Bibliotecas Públicas del Meta.